|
|
|
|
| LEADER |
00000cam a2200000 a 4500 |
| 001 |
vtls008384367 |
| 003 |
SK-MaSNL |
| 005 |
20260302074658.0 |
| 008 |
181109s1953 xo g 000 s slo |
| 015 |
|
|
|a SNBA1957/03-00352
|
| 020 |
|
|
|q (viaz.)
|
| 035 |
|
|
|a SK01SNK19570006516
|
| 035 |
|
|
|a SKM000079047
|
| 040 |
|
|
|a SNK
|b slo
|c SNK
|e AACR2
|
| 041 |
1 |
|
|a slo
|h rus
|
| 043 |
|
|
|a a-cc---
|
| 044 |
|
|
|a xo
|c SK
|
| 072 |
|
7 |
|a 94(510/519)
|x Dejiny Číny, Mongolska a Kórey
|2 konspekt
|
| 072 |
|
7 |
|a 323
|x Vnútropolitický vývoj, politický život
|2 konspekt
|
| 080 |
|
|
|a 329.15
|2 2001
|
| 080 |
|
|
|a 323.272
|2 2001
|
| 080 |
|
|
|a 321
|2 2001
|
| 080 |
|
|
|a 141.82
|2 2001
|
| 080 |
|
|
|a (510)
|2 2001
|
| 080 |
|
|
|a 328/329
|2 2001
|
| 080 |
|
|
|a (082)
|2 2001
|
| 080 |
|
|
|a (042.5)
|2 2001
|
| 100 |
0 |
|
|a Mao, Zedong,
|d 1893-1976
|4 aut
|9 134574
|
| 240 |
1 |
0 |
|a Izbrannyje proizvedenija
|l Slovensky
|
| 245 |
1 |
0 |
|a Vybrané spisy
|n 1
|c Mao Ce-tung ; [z ruského prekladu Izbrannyje proizvedenia ... preložili Marta Ličková a D. Topoľská]
|
| 250 |
|
|
|a 1. vyd.
|
| 260 |
|
|
|a Bratislava
|b Slovenské vydavateľstvo politickej literatúry
|c 1953
|
| 300 |
|
|
|a 385 s.
|c 21 cm
|
| 366 |
|
|
|e 4000 výtl.
|
| 490 |
1 |
|
|a Spisy
|
| 500 |
|
|
|a Čínske peňažné jednotky a miery
|
| 500 |
|
|
|a Viazaná
|
| 504 |
|
|
|a Bibliogr.: s. 384-385 ; pozn.
|
| 650 |
0 |
7 |
|a komunistické strany
|2 SNKPH
|9 3597
|
| 650 |
0 |
7 |
|a revolúcie
|2 SNKPH
|9 4760
|
| 650 |
0 |
7 |
|a marxizmus
|2 SNKPH
|9 2153
|
| 651 |
|
7 |
|a Čína
|2 SNKPH
|9 21369
|
| 655 |
|
7 |
|a zborníky
|2 SNKPH
|9 70165
|
| 655 |
|
7 |
|a prejavy
|2 SNKPH
|9 70401
|
| 700 |
1 |
|
|a Ličková, Marta,
|d 1926-
|4 trl
|9 88326
|
| 700 |
1 |
|
|a Topoľská, Drahotína
|4 trl
|9 342463
|
| 800 |
1 |
|
|a Mao, Zedong,
|d 1893-1976
|t Vybrané spisy
|9 740582
|
| 852 |
|
|
|a Slovenská národná knižnica
|
| 958 |
|
|
|a OND
|
| 958 |
|
|
|a RK
|
| 999 |
|
|
|c 1166034
|d 1167964
|
| 952 |
|
|
|a SNK
|b SNK
|y PREZ
|7 0
|p 17A0370053
|o snkSD 8629/1
|i snk170/54
|0 0
|1 0
|4 0
|d 2010-11-30
|l 0
|r 2025-11-21 00:00:00
|w 2026-02-24
|
| 952 |
|
|
|a SNK
|b SNK
|y VYP
|7 0
|p 17A0668973
|o snkSD 8629/1 D1
|i snkI. 1403/54
|0 0
|1 0
|4 0
|d 2010-11-30
|l 0
|r 2026-02-24 20:48:44
|w 2026-02-24
|